化合物の分子量・式量(暗記) - Statistics

General Stats
  • This quiz has been taken 19 times
    13 since last reset
  • The average score is 14 of 43
Answer Stats
化合物 重要度 半角のみ 使う場面または注意事項 % Correct
NH₃ A 17
100%
H₂O S 18 元素分析
100%
NaOH B 40 水酸化ナトリウムの固体を溶かしたとか言われた時
100%
CO₂ S 44 元素分析
100%
HNO₃ B 63 オストワルト法
100%
H₂SO₄ S 98 濃度98%の濃硫酸
88%
HCHO A 30 ビニロンなど
75%
HCl B 36.5
75%
CaCO₃ B 100 アンモニアソーダ法など
63%
(CH₃CO)₂O A 102 セルロース誘導体
63%
NaCl A 58.5 アンモニアソーダ法など
63%
CH₃COOH B 60 酢酸を含む化合物の分子量求める時
63%
(COOH)₂ B 90 2価の酸、還元剤として働くときは二酸化炭素になる
63%
CuSO₄ A 160 硫酸銅(Ⅱ)の析出
50%
CuSO₄• 5H₂O A 250 硫酸銅(Ⅱ)の析出
50%
C₂H₅OH A 46 アルコール発酵
50%
CO(NH₂)₂ C 60
50%
C₆H₁₂O₆ S 180
38%
C₁₂H₂₂O₁₁ A 342 単糖×2-水
38%
(C₆H₁₀O₅)ₙ A 162n 単糖-水、[C₆H₇O₂(OH)₃]ₙの表記も押さえよう
25%
KOH A 56 けん化価求める時
25%
C₆H₅OH C 94 フェノール樹脂
25%
CH₂=CHCN B 53 共重合、アクリル繊維
13%
ビニロン(アセタール化) A 100
0%
CH₂=CHC₆H₅ A 104 スチレンブタジエンゴム
0%
C₆H₄(NH₂)₂ C 108 アラミド繊維
0%
ナイロン6の構成単位(カプロラクタム) A 113 ナイロン66×1/2
0%
H₂N(CH₂)₆NH₂ B 116 ナイロン66
0%
HOOC(CH₂)₄COOH B 146 ナイロン66
0%
HOOCC₆H₄COOH B 166 PET
0%
ポリエチレンテレフタラートの構成単位 A 192 エチレングリコール+テレフタル酸-水×2
0%
ナイロン66の構成単位 A 226 ヘキサメチレンジアミン+アジピン酸-水×2
0%
𝘱-フェニレンテレフタルアミドの構成単位 C 238 アラミド繊維
0%
[C₆H₇O₂(OCOCH₃)₃]ₙ B 288n セルロースと無水酢酸との反応
0%
[C₆H₇O₂(ONO₂)₃]ₙ B 297n セルロースと硝酸との反応
0%
ビニロン(アセタール化されていない部分) A 44または88
0%
CH₂=CHCH=CH₂ A 54 スチレンブタジエンゴム
0%
ポリグリコール酸の構成単位 C 58
0%
HO(CH₂)₂OH B 62 PET
0%
CH₂=C(CH₃)CH=CH₂ B 68 天然ゴム
0%
CH₂=CHCOOH B 72 吸水性高分子(高吸水性樹脂)
0%
ポリ乳酸の構成単位 B 72 乳酸-水
0%
CH₂=CHOCOCH₃ A 86 ビニロンの合成時
0%
No matching quizzes found
Score Distribution
Percent of People with Each Score
Percentile by Number Answered
Your Score History
You have not taken this quiz since the last reset